Philip Johnson /

Salvato in:
Dettagli Bibliografici
Autore principale: Jacobus, John M., Jr (Autore)
Natura: Libro
Lingua:inglese
Pubblicazione: New York : George Braziller, Inc., 1962
Edizione:1. vydanie
Serie:Makers of Contemporary Architecture
Soggetti:
Tags: Aggiungi Tag
Nessun Tag, puoi essere il primo ad aggiungerne!!

MARC

LEADER 00000nam a22000003a 4500
001 0066272
003 SK-STU
005 20190401113508.6
007 ta
008 180713s ----xo-----e------000-0-----d
040 |a STU  |b slo 
041 0 |a eng 
044 |a xxu 
100 1 |a Jacobus, John M., Jr.  |4 aut 
245 1 0 |a Philip Johnson /  |c aut. John M. Jacobus 
250 |a 1. vydanie 
260 |a New York :  |b George Braziller, Inc.,  |c 1962 
300 |a 128 s. 
490 0 |a Makers of Contemporary Architecture 
650 0 7 |a architekti americkí 
650 0 7 |a architektúra americká 
650 0 7 |a architektonické dielo 
650 0 7 |a obytné budovy 
650 0 7 |a občianske budovy 
996 |b 284AU07629  |c A* 10878/U  |l AAKNAR  |s A  |a 24  |w 0066272_0001